Rozšíri sa trh krátkodobých cenných papierov

NBS je fiškálnym agentom Min. financií SR. Sprostredkúva predaj krátkodobých a dlhodobých cenných papierov, t.j. cenných papierov vydávaných SR, ktorých jednotlivé druhy emituje Min. financií SR. V súvislosti s krátkodobými štátnymi cennými papiermi, tzv. štátne pokladničné poukážky - ŠPP, zabezpeču...

Descrizione completa

Salvato in:
Dettagli Bibliografici
Autore principale: Susková, J.
Natura: Capitolo di libro
Lingua:slovacco
Soggetti:
Tags: Aggiungi Tag
Nessun Tag, puoi essere il primo ad aggiungerne!!

MARC

LEADER 00000naa a2200000 4500
001 r014861
005 20221213113117.1
041 0 |a slo 
044 |a SK 
245 1 0 |a Rozšíri sa trh krátkodobých cenných papierov  |c J. Susková 
520 |a NBS je fiškálnym agentom Min. financií SR. Sprostredkúva predaj krátkodobých a dlhodobých cenných papierov, t.j. cenných papierov vydávaných SR, ktorých jednotlivé druhy emituje Min. financií SR. V súvislosti s krátkodobými štátnymi cennými papiermi, tzv. štátne pokladničné poukážky - ŠPP, zabezpečuje NBS: primárny predaj, sekundárne obchodovanie, vedie Centrálny register ŠPP. ŠPP sú produktom peňažného trhu. Obchoduje sa s nimi na trhu krátkodobých cenných papierov. 
610 2 0 |a trh peňažný 
610 2 0 |a papiere cenné 
610 2 0 |a NBS Bratislava 
610 2 0 |a emisia 
610 2 0 |a Slovensko 
100 1 |a Susková, J.